[Event "Medellin Sub zt 2.3.2"]
[Site "Medellin"]
[Date "2025.04.19"]
[Round "9"]
[White "Acuna Romero, Vladimir"]
[Black "Ortiz Monsalve, Sebastian"]
[Result "0-1"]
[WhiteElo "1744"]
[BlackElo "1947"]
[PlyCount "122"]
[EventDate "2025.04.14"]
[EventType "swiss"]
[EventRounds "9"]
[EventCountry "COL"]
[SourceTitle "CB18_2025"]
[SourceDate "2025.04.30"]
[SourceVersion "1"]
[SourceVersionDate "2025.04.30"]
[SourceQuality "1"]

1. e4 e6 2. b3 Nc6 3. Bb2 d5 4. exd5 exd5 5. Nf3 Nf6 6. d4 Bd6 7. Bd3 0-0 8. 0-0 Nb4 9. Be2 Bf5 10. Na3 Re8 11. c3 Nc6 12. Nc2 Ne4 13. Ne3 Bg6 14. c4 dxc4 15. bxc4 Qf6 16. Nd5 Qd8 17. Re1 Nb4 18. Qb3 Nxd5 19. cxd5 f6 20. Bd3 Kh8 21. Qc2 f5 22. Rad1 Bb4 23. Re3 Qxd5 24. Ne5 Qd6 25. f3 Rxe5 26. dxe5 Qb6 27. fxe4 Qxe3+ 28. Kh1 fxe4 29. Bc4 Qc5 30. Qb3 b5 31. Bf7 Bxf7 32. Qxf7 Rf8 33. Qd7 Qc4 34. Rg1 Rf1 35. Qe8+ Bf8 36. h3 Rxg1+ 37. Kxg1 Qc5+ 38. Kh1 e3 39. Bd4 Qe7 40. Qxb5 c5 41. Bxe3 Qxe5 42. Bf2 h6 43. a4 Bd6 44. g3 Qe4+ 45. Kh2 c4 46. Qd7 Qd3 47. Qxa7 c3 48. Qa8+ Kh7 49. Qa5 c2 50. Qe1 Bb4 51. Qe3 Qxe3 52. Bxe3 Ba3 53. a5 c1Q 54. Bxc1 Bxc1 55. a6 Be3 56. Kg2 Kg6 57. Kf3 Ba7 58. Ke4 Kf6 59. Kd5 Kf5 60. Kd6 h5 61. Kd5 g5 0-1

[Event "Medellin Sub zt 2.3.2"]
[Site "Medellin"]
[Date "2025.04.16"]
[Round "5"]
[White "Acuna Romero, Vladimir"]
[Black "Acosta Morales, Juan Carlos"]
[Result "0-1"]
[WhiteElo "1744"]
[BlackElo "1908"]
[PlyCount "80"]
[EventDate "2025.04.14"]
[EventType "swiss"]
[EventRounds "9"]
[EventCountry "COL"]
[SourceTitle "CB18_2025"]
[SourceDate "2025.04.30"]
[SourceVersion "1"]
[SourceVersionDate "2025.04.30"]
[SourceQuality "1"]

1. e4 c5 2. Nc3 a6 3. f4 b5 4. d3 Bb7 5. Nf3 e6 6. g3 b4 7. Ne2 d5 8. e5 Ne7 9. Bg2 h5 10. d4 Nf5 11. Ng5 Nc6 12. c3 Qb6 13. Bh3 g6 14. Bxf5 gxf5 15. Be3 h4 16. Kf2 Be7 17. a3 a5 18. axb4 cxb4 19. Nf3 h3 20. Nd2 Ba6 21. Qc2 Qb5 22. Rhe1 Kf8 23. Nc1 Kg7 24. Qd1 bxc3 25. bxc3 Qb2 26. Ne2 Rhc8 27. Qc1 Qb5 28. Qb1 a4 29. Ng1 Rh8 30. Qc2 a3 31. Nb1 Qb2 32. Qxb2 axb2 33. Ra2 Rhb8 34. Nf3 Bd3 35. Rxa8 Rxa8 36. Rg1 Ra1 37. Nfd2 Na5 38. Re1 Nc4 39. Rg1 Nxd2 40. Nxd2 Rxg1 0-1

[Event "American Continental Rapid 18th"]
[Site "Medellin"]
[Date "2024.06.01"]
[Round "3"]
[White "Acuna Romero, Vladimir"]
[Black "Cardona, Marisol"]
[Result "1-0"]
[WhiteElo "1744"]
[BlackElo "1502"]
[PlyCount "69"]
[EventDate "2024.06.01"]
[EventType "swiss (rapid)"]
[EventRounds "9"]
[EventCountry "COL"]
[SourceTitle "CBM 220 Extra"]
[Source "ChessBase"]
[SourceDate "2024.07.31"]
[SourceVersion "1"]
[SourceVersionDate "2024.07.31"]
[SourceQuality "1"]

1. e4 c5 2. Nc3 e6 3. f4 d5 4. d3 Nc6 5. Nf3 b6 6. g3 Bb7 7. Bg2 Nge7 8. 0-0 g6 9. Nh4 Bg7 10. f5 dxe4 11. f6 Bxf6 12. Rxf6 Nf5 13. Nxe4 Nce7 14. Nxf5 Nxf5 15. Bg5 Qd4+ 16. Kh1 h6 17. c3 Qd7 18. Rxf5 Bxe4 19. Bxe4 gxf5 20. Bxa8 hxg5 21. Qf3 Ke7 22. Bc6 Qd6 23. Bb5 g4 24. Qf4 Qd5+ 25. Kg1 Kf6 26. Re1 Kg6 27. Bc4 Qc6 28. d4 b5 29. Bd3 c4 30. Bc2 Qa6 31. Qxg4+ Kf6 32. Qf4 Rh5 33. a3 Qc8 34. h4 Rh7 35. Qg5# 1-0

[Event "Bogota Empresas op"]
[Site "Bogota"]
[Date "2024.05.19"]
[Round "4"]
[White "Acuna Romero, Vladimir"]
[Black "Ramirez Beltran, Francisco Javier"]
[Result "0-1"]
[WhiteElo "1836"]
[BlackElo "1859"]
[PlyCount "92"]
[EventDate "2024.05.19"]
[EventType "swiss"]
[EventRounds "7"]
[EventCountry "COL"]
[SourceTitle "CBM 220 Extra"]
[Source "ChessBase"]
[SourceDate "2024.07.31"]
[SourceVersion "1"]
[SourceVersionDate "2024.07.31"]
[SourceQuality "1"]

1. e4 e6 2. d4 d5 3. exd5 exd5 4. Nf3 h6 5. Bd3 Nf6 6. 0-0 Be7 7. Bf4 0-0 8. Nbd2 Nc6 9. c3 Bd6 10. Bxd6 Qxd6 11. b4 a6 12. a4 a5 13. b5 Ne7 14. Qc2 g6 15. Ne5 Kg7 16. f4 Bf5 17. Ndf3 c5 18. Nh4 Bxd3 19. Qxd3 c4 20. Qe3 Rae8 21. Rae1 Qa3 22. Ra1 Qd6 23. Rae1 Qa3 24. Ra1 Qb2 25. g4 Ne4 26. Rac1 f5 27. gxf5 Nxf5 28. Nxf5+ Rxf5 29. Rfe1 Ref8 30. Re2 Qa3 31. Rg2 R8f6 32. Rf1 Qxc3 33. Qxc3 Nxc3 34. Nd7 Rd6 35. Nc5 b6 36. Na6 Rdf6 37. Nc7 Kf7 38. Re1 Rxf4 39. Rc2 Rg4+ 40. Kh1 Ne4 41. Nxd5 Nf2+ 42. Rxf2 Rxf2 43. Re7+ Kf8 44. Re1 Rxd4 45. Nxb6 c3 46. Kg1 Rfd2 0-1

[Event "Bogota Empresas op"]
[Site "Bogota"]
[Date "2024.05.19"]
[Round "2"]
[White "Cardozo Munar, Carlos Eduardo"]
[Black "Acuna Romero, Vladimir"]
[Result "1/2-1/2"]
[WhiteElo "2042"]
[BlackElo "1836"]
[PlyCount "100"]
[EventDate "2024.05.19"]
[EventType "swiss"]
[EventRounds "7"]
[EventCountry "COL"]
[SourceTitle "CBM 220 Extra"]
[Source "ChessBase"]
[SourceDate "2024.07.31"]
[SourceVersion "1"]
[SourceVersionDate "2024.07.31"]
[SourceQuality "1"]

1. d4 a6 2. g3 c6 3. Bg2 d5 4. c3 Nf6 5. Bg5 h6 6. Bxf6 exf6 7. Nd2 Be6 8. e4 Be7 9. Ne2 0-0 10. 0-0 Qc8 11. Re1 Bd6 12. exd5 cxd5 13. Qb3 Rd8 14. Nf1 Nc6 15. Ne3 Ne7 16. Rac1 b5 17. f4 Rb8 18. a3 a5 19. Rf1 Bh3 20. Nxd5 Nxd5 21. Bxd5 Bxf1 22. Bxf7+ Kh8 23. Rxf1 b4 24. axb4 axb4 25. c4 Qg4 26. Qf3 Qxf3 27. Rxf3 Ra8 28. Kf2 Ra7 29. Be6 g5 30. f5 h5 31. c5 Bf8 32. Rb3 Rb8 33. h3 Ra5 34. Nc1 g4 35. hxg4 hxg4 36. Nd3 Ra1 37. d5 Rd1 38. d6 Rd2+ 39. Ke1 Bh6 40. c6 Ra8 41. Nf4 Rh2 42. Rd3 Ra1+ 43. Rd1 Rh1+ 44. Ke2 Raxd1 45. Bd5 Rhe1+ 46. Kf2 Rf1+ 47. Kg2 Rfe1 48. Kf2 Rf1+ 49. Kg2 Rfe1 50. Kf2 Bg5 1/2-1/2

[Event "Calle rapid op"]
[Site "Calle"]
[Date "2024.03.10"]
[Round "5"]
[White "Acuna Romero, Vladimir"]
[Black "Torres Millan, Kevin Gilberto"]
[Result "1-0"]
[WhiteElo "1804"]
[BlackElo "1532"]
[PlyCount "49"]
[EventDate "2024.03.10"]
[EventType "swiss (rapid)"]
[EventRounds "6"]
[EventCountry "COL"]
[SourceTitle "CBM 219 Extra"]
[Source "ChessBase"]
[SourceDate "2024.05.31"]
[SourceVersion "1"]
[SourceVersionDate "2024.05.31"]
[SourceQuality "1"]

1. e4 c5 2. Nc3 d6 3. f4 Nf6 4. Nf3 e6 5. g3 Nc6 6. Bg2 Be7 7. d3 Bd7 8. 0-0 0-0 9. h3 Re8 10. g4 Qc7 11. a3 h6 12. Qe1 Rac8 13. Qg3 Bf8 14. g5 hxg5 15. fxg5 Nh7 16. g6 fxg6 17. Qxg6 Ne7 18. Qg3 a6 19. Ng5 d5 20. Qh4 Nxg5 21. Bxg5 Bc6 22. Qh5 Qe5 23. Rf4 c4 24. Qf7+ Kh8 25. Rh4# 1-0

[Event "Rivera Hernandez Memorial-B"]
[Site "Rivera Huila"]
[Date "2023.07.21"]
[Round "2"]
[White "Alvarez Angel, Nelson Eduardo"]
[Black "Acuna Romero, Vladimir"]
[Result "1-0"]
[WhiteElo "2037"]
[BlackElo "1688"]
[PlyCount "51"]
[EventDate "2023.07.20"]
[EventType "swiss"]
[EventRounds "7"]
[EventCountry "COL"]
[SourceTitle "CBM 215 Extra"]
[Source "ChessBase"]
[SourceDate "2023.09.30"]
[SourceVersion "1"]
[SourceVersionDate "2023.09.30"]
[SourceQuality "1"]

1. d4 Nf6 2. c4 g6 3. Nc3 d6 4. e4 Bg7 5. f4 0-0 6. Nf3 b6 7. Bd3 c5 8. d5 e6 9. 0-0 exd5 10. cxd5 Na6 11. Bc4 Nc7 12. e5 Nfe8 13. Re1 Qe7 14. h3 a6 15. a4 Rb8 16. exd6 Qxd6 17. Ne4 Qd8 18. Ne5 Bb7 19. d6 Bxe4 20. dxc7 Qxd1 21. Rxd1 Nxc7 22. Rd7 Ne6 23. Nxf7 Rbe8 24. Ng5 Bc6 25. Rd6 Bd4+ 26. Kh2 1-0

[Event "COL-ch"]
[Site "Bogota"]
[Date "2018.11.09"]
[Round "6"]
[White "Acuna Romero, Vladimir"]
[Black "Pereira Vera, Henry Alberto"]
[Result "1/2-1/2"]
[WhiteElo "1699"]
[BlackElo "1842"]
[PlyCount "83"]
[EventDate "2018.11.06"]
[EventType "swiss"]
[EventRounds "9"]
[EventCountry "COL"]
[SourceTitle "CBM 187 Extra"]
[Source "ChessBase"]
[SourceDate "2018.11.04"]
[SourceVersion "1"]
[SourceVersionDate "2018.11.04"]
[SourceQuality "1"]

1. e4 d5 2. exd5 Qxd5 3. Nc3 Qd6 4. Nf3 c6 5. d4 Bg4 6. Be2 Nd7 7. Be3 Ngf6 8. Qd2 e6 9. a3 Qc7 10. 0-0 Bd6 11. h3 Bh5 12. b4 Nd5 13. Ne4 Be7 14. Bg5 f6 15. Bh4 Qf4 16. Qxf4 Nxf4 17. Bd1 f5 18. Bxe7 fxe4 19. Bg5 exf3 20. Bxf4 0-0 21. Bd6 Rf6 22. g4 Bg6 23. c4 Bd3 24. Re1 Bxc4 25. Re3 Bd5 26. Kh2 a5 27. Kg3 axb4 28. Bxb4 c5 29. dxc5 Rc8 30. Bxf3 Nxc5 31. Bxd5 exd5 32. f3 d4 33. Re7 b6 34. Rae1 Rcf8 35. Rf1 d3 36. Bc3 R6f7 37. Rxf7 Kxf7 38. Rb1 Nd7 39. Kf2 Re8 40. Re1 Rc8 41. Bb4 Nc5 42. Re3 1/2-1/2

[Event "Bogota Distrital-ch 77th"]
[Site "Bogota"]
[Date "2015.05.01"]
[Round "3"]
[White "Guzman, Campo Elias"]
[Black "Acuna Romero, Vladimir"]
[Result "1-0"]
[WhiteElo "2018"]
[BlackElo "1712"]
[PlyCount "53"]
[EventDate "2015.04.30"]
[EventType "swiss"]
[EventRounds "7"]
[EventCountry "COL"]
[SourceTitle "CBM 166 Extra"]
[Source "ChessBase"]
[SourceDate "2015.06.18"]
[SourceVersion "1"]
[SourceVersionDate "2015.06.18"]
[SourceQuality "1"]

1. Nc3 e5 2. e4 Nc6 3. Nf3 Nf6 4. Bb5 Bc5 5. d3 0-0 6. Bg5 Be7 7. Bxc6 dxc6 8. Nxe5 Nxe4 9. Be3 Nxc3 10. bxc3 Bf6 11. d4 Re8 12. Nd3 Bg5 13. Qf3 Be6 14. 0-0 Be7 15. Rfe1 Qd5 16. Qg3 Qf5 17. Bf4 Qh5 18. Be5 Qh6 19. Re4 f5 20. Bxg7 Bd6 21. Be5+ Kf7 22. Rh4 Qg6 23. Qh3 Rg8 24. Nf4 Qg5 25. Rxh7+ Ke8 26. Nxe6 Qg6 27. Bxd6 1-0